00483nam a2200169Ia 4500008004100000020001500041040001900056041001200075082002500087100002500112245007400137260002900211300001800240440001800258650001900276850001800295131103s9999 xx 000 0 und d a091639218x aLoreto College aEnglish a170/JOHbLCBED/10278 aJohnson, Ann Donegan 4aThe value of learningb the story of Mari Curie cAnn Donegan Johnson aU.S.AbValue talesc1979 a63p. c 24cm. aThe valutale  aValu education aLCBED/170/JOH